LEADER 01674nam 2200445 450 001 9910798707103321 005 20230807213031.0 010 $a93-86107-75-9 035 $a(CKB)3710000000897634 035 $a(MiAaPQ)EBC4699832 035 $a(Au-PeEL)EBL4699832 035 $a(CaPaEBR)ebr11275665 035 $a(OCoLC)960757807 035 $a(EXLCZ)993710000000897634 100 $a20161018h20152015 uy 0 101 0 $aeng 135 $aurcnu|||||||| 181 $2rdacontent 182 $2rdamedia 183 $2rdacarrier 200 10$aCase history and data interpretation in medical practice $econcerned mainly with case histories, data interpretation, cardiac catheter, pedigree, spirometry, pictures of multiple diseases and a brief short notes /$fABM Abdullah, MRCP (UK), FRCP (Edin), Dean, Faculty of Medicine and Professor of Medicine, Bangabandhu Sheikh Mujib Medical University, Dhaka, Bangladesh 205 $aThird edition. 210 1$aNew Delhi, [India] :$cJaypee, The Health Sciences Publishers,$d2015. 210 4$d©2015 215 $a1 online resource (501 pages) $cillustrations, tables 311 $a93-5152-375-6 320 $aIncludes bibliographical references. 606 $aClinical medicine$vExaminations, questions, etc 606 $aDiagnosis$vExaminations, questions, etc 615 0$aClinical medicine 615 0$aDiagnosis 676 $a616.07/5076 700 $aAbdullah$b A. B. M.$01172309 801 0$bMiAaPQ 801 1$bMiAaPQ 801 2$bMiAaPQ 906 $aBOOK 912 $a9910798707103321 996 $aCase history and data interpretation in medical practice$93830213 997 $aUNINA LEADER 04181oam 2200649zu 450 001 9910131405003321 005 20210807005016.0 010 $a9782753524323 010 $a2753524327 024 7 $a10.4000/books.pur.17761 035 $a(CKB)3710000000442013 035 $a(SSID)ssj0001583453 035 $a(PQKBManifestationID)16264647 035 $a(PQKBTitleCode)TC0001583453 035 $a(PQKBWorkID)14865238 035 $a(PQKB)11637338 035 $a(FrMaCLE)OB-pur-17761 035 $a(oapen)https://directory.doabooks.org/handle/20.500.12854/54810 035 $a(PPN)267952856 035 $a(FR-PaCSA)88925125 035 $a(FRCYB88925125)88925125 035 $a(oapen)doab54810 035 $a(EXLCZ)993710000000442013 100 $a20160829d2002 uy 101 0 $afre 135 $auu||||||m|||| 181 $ctxt 182 $cc 183 $acr 200 14$aLes Notables du Trégor: éveil à la Culture Politique et évolution Dans les Paroisses Rurales, 1770-1850 210 $cPresses universitaires de Rennes$d2002 210 31$a[Place of publication not identified]$cPresses universitaires de Rennes$d2002 215 $a1 online resource (493 p.) 300 $aBibliographic Level Mode of Issuance: Monograph 311 08$a9782868476968 311 08$a2868476961 330 $aLes paysans qui, avant 1789, exercent une fonction locale, si minime soit-elle, dans les paroisses du Trégor rural (évêché de Tréguier, Basse-Bretagne), accèdent massivement en 1790 aux premières fonctions municipales de leur commune. Pendant le Consulat et l?Empire, souvent après, ces personnages ou leurs enfants sont appelés à exercer les fonctions de maires, d?adjoints et de conseillers municipaux. Leur intérêt pour la vie politique date d?avant 1789 et s?explique par une large participation à la vie locale d?une part comme administrateurs des biens paroissiaux (église, chapelles, confréries, très nombreuses dans le Trégor) et d?autre part comme gestionnaires des intérêts communs lors des réunions des généraux de paroisses. Le temps des doléances puis la lutte contre le domaine congéable trouvent dans le Trégor des paysans formés à la réflexion et à l?action. Une voie paysanne de la Révolution y est établie de manière originale. La création des municipalités en 1790 n?apporte rien de neuf en terme d?émancipation. Au contraire les directives extérieures émanant des districts puis des départements, l?épisode des municipalités de cantons, diminuent l?intérêt des paysans pour la vie locale. Les nominations venues des préfectures sont acceptées plus comme un honneur que comme un engagement. L?élite paysanne trégorroise est large et n?émerge pas nettement du reste de la population. La place tenue au-devant de la communauté tient au cumul de facteurs individuels : famille, fortune, possessions de terres, statut d?employeur, pratique de l?écrit, relations extérieures? La participation à une fonction locale apparaît plus comme un révélateur de la notabilité : élite d?un peuple et ne s?en démarquant que par des différences graduelles, les responsables paysans du trégor jouent toutefois un rôle de notables, vis à vis de la société englobante. Ils contribuent ainsi à dessiner ce que sera le schéma politique de ce pays au XXe siècle. 606 $aHISTORY / Europe / France$2bisacsh 607 $aTre?guier Region (France)$xPolitics and government 607 $aTre?guier Region (France)$xRural conditions 607 $aTre?guier Region (France)$xSocial conditions 610 $aXVIIIe siècle 610 $aélite 610 $aTrégor 610 $aFrance 610 $aparoisse 610 $aXIXe siècle 610 $ahistoire sociale 610 $aadministration locale 615 7$aHISTORY / Europe / France 676 $a944/.1 700 $aKermoal$b Christian$0927632 801 0$bPQKB 906 $aBOOK 912 $a9910131405003321 996 $aLes Notables du Trégor: éveil à la Culture Politique et évolution Dans les Paroisses Rurales, 1770-1850$92084093 997 $aUNINA